Maximum performance management : (Record no. 3198)

000 -LEADER
fixed length control field nam a22 7a 4500
005 - DATE AND TIME OF LATEST TRANSACTION
control field 20170519163022.0
008 - FIXED-LENGTH DATA ELEMENTS--GENERAL INFORMATION
fixed length control field 170519b1995 -uk||||| |||| 00| 0 eng d
020 ## - INTERNATIONAL STANDARD BOOK NUMBER
International Standard Book Number 0900961075
040 ## - CATALOGING SOURCE
Original cataloging agency AKMAL
082 ## - DEWEY DECIMAL CLASSIFICATION NUMBER
Classification number 658.322 BOY
090 ## - LOCALLY ASSIGNED LC-TYPE CALL NUMBER (OCLC); LOCAL CALL NUMBER (RLIN)
Classification number (OCLC) (R) ; Classification number, CALL (RLIN) (NR) 658.322
Local cutter number (OCLC) ; Book number/undivided call number, CALL (RLIN) BOY
100 1# - MAIN ENTRY--PERSONAL NAME
Personal name Boyett, Joseph H.
9 (RLIN) 6291
245 10 - TITLE STATEMENT
Title Maximum performance management :
Remainder of title how to manage and compensate people to meet world competition /
Statement of responsibility, etc. Joseph H. Boyett and Henry P. Conn ; foreword by Fran Tarkenton.
260 ## - PUBLICATION, DISTRIBUTION, ETC.
Place of publication, distribution, etc. Macomb, Ill. :
Name of publisher, distributor, etc. Glenbridge Pub.,
Date of publication, distribution, etc. 1988
300 ## - PHYSICAL DESCRIPTION
Extent xix, 323 p. :
Other physical details ill. ;
Dimensions 24 cm
504 ## - BIBLIOGRAPHY, ETC. NOTE
Bibliography, etc. note Includes bibliographical references.
650 #0 - SUBJECT ADDED ENTRY--TOPICAL TERM
Topical term or geographic name entry element Personnel management.
9 (RLIN) 602
650 #0 - SUBJECT ADDED ENTRY--TOPICAL TERM
Topical term or geographic name entry element Performance standards.
9 (RLIN) 6426
650 #0 - SUBJECT ADDED ENTRY--TOPICAL TERM
Topical term or geographic name entry element Compensation management.
9 (RLIN) 6581
700 1# - ADDED ENTRY--PERSONAL NAME
Personal name Conn, Henry P.
9 (RLIN) 6582
942 ## - ADDED ENTRY ELEMENTS (KOHA)
Source of classification or shelving scheme
Koha item type Book
Holdings
Withdrawn status Lost status Source of classification or shelving scheme Damaged status Not for loan Collection code Home library Current library Shelving location Date acquired Inventory number Total Checkouts Full call number Barcode Date last seen Price effective from Koha item type
          NON-FICTION AKMAL Melaka AKMAL Melaka PINJAMAN 19.05.2017 001726   658.322 BOY 201703963 19.05.2017 19.05.2017 Book
Pusat Sumber Maklumat Dato' Haji Sarmin Md Hussin, Akademi Kastam Diraja Malaysia, Melaka
Tel: 06-2331106 | Faks: 06-2313787